000 01100nam a2200301Ia 4500
008 130821s1998 mx gr spa
020 _a9701020405
040 _aCo-BoUCM
_bspa
041 0 0 _aspa
100 1 _aGarcía González, Enrique
_9158412
245 1 0 _aMatemáticas financieras por medio de algoritmos, calculadora financiera y PC
_cEnrique García González ; revisión técnica: Gilberto Prieto Morín.
260 _aMéxico D.F. (México)
_bMc Graw Hill
_c1998
300 _axvii, 389 páginas
_e1 disquete.
504 _aIncluye índice.
650 0 4 _aAlgoritmos
_98822
650 0 4 _aAnálisis matemático
_99008
650 0 4 _aDiagramas funcionales
_913166
650 0 4 _aInflación
_917570
650 0 4 _aInterés
_97753
650 0 4 _aMatemáticas financieras
_919038
650 0 4 _aMatemáticas
_919031
650 0 4 _aModelos matemáticos
_97842
650 0 4 _aProgramación (Matemáticas)
_922490
650 0 4 _aProgramación lineal
_922502
650 0 4 _aSeries aritméticas
_924234
942 _cLIBRO
_a25
_e1
_mG216m
_2DEWEY
_h658.1513
999 _c32872
_d32872